00578nam a2200217Ia 4500003000400000005001700004006001800021007000300039008004100042037001700083040001800100041001300118082002000131100002500151245003500176260005700211300001300268500004000281650001500321650002400336OSt20220925172426.0a|||||r|||| 00| 0ta220923b |||||||| |||| 00| 0 eng d cGeneral Book aRTLcRTLbeng 2engaeng aT:3(X).2.N8, M7 aChakravarty Sukhamoy 0aTeaching of economics in India aBombaybHimalaya Publishing House India c1987 a32pccm. aG. N. Vakil Memorial Lecture. 1985. a Education aTeaching Techniques